000 00280nam a22001337a 4500
008 171123b xxu||||| |||| 00| 0 eng d
020 _a070379890
041 _aeng
080 _a51
100 _a37
101 _aMAT
245 _aLINEAR ALGEBRA
_cSEYMOOUR.L
942 _2udc
_cBK
999 _c38361
_d38361